Recreating the workplace : the pathway to high performance work systems /

Saved in:
Bibliographic Details
Main Author: Rayner, Steven R.
Format: Book
Language:English
Published: Essex Junction, Vt. : Oliver Wright Publications, c1993.
Series:Executive breakthrough series
Subjects:
LEADER 01146cam a2200301 a 4500
001 c000293712
003 CARM
005 20090908094824.0
008 930908s1993 vtua b 001 0 eng d
010 |a 93240456 
019 1 |a 10353549  |5 LACONCORD2021 
020 |a 0939246325 
035 |a (OCoLC)28480422  |5 LACONCORD2021 
040 |a ANL  |b eng  |c ANL  |d ANL 
050 0 0 |a HD66  |b .R392 1993 
100 1 |a Rayner, Steven R. 
245 1 0 |a Recreating the workplace :  |b the pathway to high performance work systems /  |c Steven R. Rayner. 
260 |a Essex Junction, Vt. :  |b Oliver Wright Publications,  |c c1993. 
300 |a xix, 279 p. :  |b ill. ;  |c 23 cm. 
490 0 |a Executive breakthrough series 
504 |a Includes bibliographical references and index. 
650 0 |a Management. 
650 0 |a Organizational effectiveness. 
650 0 |a Organizational change. 
740 0 |a High performance work systems. 
852 8 |b CARM  |h A3:AD24A0  |i B11416  |p 0533906  |f BK 
999 f f |i a1559fda-fa80-5779-8df7-a8143dfd1aaf  |s bb4b83d4-e663-5301-b576-6524d633e8d6 
952 f f |p Can circulate  |a CAVAL  |b CAVAL  |c CAVAL  |d CARM 1 Store  |e B11416  |f A3:AD24A0  |h Other scheme  |i book  |m 0533906